000 00321nam a22001457a 4500
008 210518b ||||| |||| 00| 0 eng d
020 _a9780812019186
041 _aeng
080 _a038
082 _a038
100 _a24
101 _aFJA
245 _aDictionary of Accounting Terms
_cSiegel,J.G
942 _2udc
_cBK
999 _c57400
_d57400